| 000 | 00331nam a22001217a 4500 | ||
|---|---|---|---|
| 020 | _a9788120340398 | ||
| 082 |
_a624.15136 _bPRA/AD |
||
| 100 | _aPrasad, Bharat Bhushan | ||
| 245 | _aAdvanced soil dynamics and earthquake engineering | ||
| 260 |
_aNew Delhi _bPrentice Learning Private Limited _c2012 |
||
| 300 | _a921p | ||
| 942 | _cBK | ||
| 999 |
_c14036 _d14036 |
||